Statistics for Cyclism : WT et ProTeam french rider season 2023

Click here to take the quiz!

General Stats

  • This quiz has been taken 23 times
  • The average score is 37 of 106

Answer Stats

HintAnswer% Correct
Soudal - Quick StepJulian ALAPHILIPPE
100%
Jumbo-VismaChristophe LAPORTE
95%
Team dsm - firmenichRomain BARDET
95%
Groupama - FDJThibaut PINOT
90%
Groupama - FDJArnaud DÉMARE
81%
Groupama - FDJDavid GAUDU
81%
CofidisGuillaume MARTIN
81%
Team Arkéa SamsicWarren BARGUIL
81%
AG2R Citroën TeamBenoît COSNEFROY
76%
Soudal - Quick StepRémi CAVAGNA
76%
Soudal - Quick StepFlorian SÉNÉCHAL
71%
INEOS GrenadiersPavel SIVAKOV
71%
Groupama - FDJRomain GRÉGOIRE
71%
Groupama - FDJValentin MADOUAS
71%
Intermarché - Circus - WantyAdrien PETIT
67%
AG2R Citroën TeamAurélien PARET-PEINTRE
67%
Groupama - FDJLenny MARTINEZ
67%
AG2R Citroën TeamValentin PARET-PEINTRE
67%
Lidl - TrekJulien BERNARD
62%
Intermarché - Circus - WantyLilian CALMEJANE
62%
Lidl - TrekKenny ELISSONDE
57%
CofidisVictor LAFAY
57%
TotalEnergiesPierre LATOUR
52%
Team dsm - firmenichRomain COMBAUD
52%
Lidl - TrekTony GALLOPIN
52%
Groupama - FDJBruno ARMIRAIL
48%
CofidisBenjamin THOMAS
43%
AG2R Citroën TeamDorian GODON
43%
Groupama - FDJRudy MOLARD
43%
CofidisAnthony PEREZ
38%
TotalEnergiesAnthony TURGIS
38%
CofidisAxel ZINGLE
38%
CofidisBryan COQUARD
38%
Burgos-BHCyril BARTHE
38%
TotalEnergiesGeoffrey SOUPE
38%
Intermarché - Circus - WantyHugo PAGE
38%
TotalEnergiesMathieu BURGAUDEAU
38%
AG2R Citroën TeamClément BERTHET
33%
AG2R Citroën TeamClément VENTURINI
33%
Groupama - FDJEnzo PALENI
33%
AG2R Citroën TeamFranck BONNAMOUR
33%
Team Arkéa SamsicLaurent PICHON
33%
Team Arkéa SamsicNacer BOUHANNI
33%
AG2R Citroën TeamNans PETERS
33%
Groupama - FDJOlivier LE GAC
33%
BORA - hansgroheVictor KORETZKY
33%
AG2R Citroën TeamAlex BAUDIN
29%
Bingoal WBAlexis GUERIN
29%
TotalEnergiesAlexis VUILLERMOZ
29%
AG2R Citroën TeamBastien TRONCHON
29%
Team Arkéa SamsicHugo HOFSTETTER
29%
Team Arkéa SamsicKévin VAUQUELIN
29%
Team Arkéa SamsicMathis LE BERRE
29%
Groupama - FDJMatthieu LADAGNOUS
29%
AG2R Citroën TeamPaul LAPEIRA
29%
AG2R Citroën TeamValentin RETAILLEAU
29%
TotalEnergiesAlan JOUSSEAUME
24%
Groupama - FDJClément DAVY
24%
Team Arkéa SamsicClément RUSSO
24%
Team Arkéa SamsicDonavan GRONDIN
24%
Team Arkéa SamsicÉlie GESBERT
24%
Team Arkéa SamsicEwen COSTIOU
24%
AG2R Citroën TeamGeoffrey BOUCHARD
24%
CofidisHugo TOUMIRE
24%
TotalEnergiesJason TESSON
24%
TotalEnergiesLorrenzo MANZIN
24%
Team Arkéa SamsicMatis LOUVEL
24%
Bingoal WBNathan VANDEPITTE
24%
Groupama - FDJPaul PENHOËT
24%
CofidisRémy ROCHAS
24%
TotalEnergiesSandy DUJARDIN
24%
Team Arkéa SamsicAnthony DELAPLACE
19%
Burgos-BHClément ALLENO
19%
CofidisFrançois BIDARD
19%
TotalEnergiesJulien SIMON
19%
Team Arkéa SamsicLouis BARRÉ
19%
AG2R Citroën TeamMarc SARREAU
19%
AG2R Citroën TeamMickaël CHEREL
19%
CofidisPierre-Luc PÉRICHON
19%
Groupama - FDJQuentin PACHER
19%
Team Arkéa SamsicThibault GUERNALEC
19%
TotalEnergiesValentin FERRON
19%
Team Arkéa SamsicAlan RIOU
14%
CofidisAlexandre DELETTRE
14%
CofidisAlexis RENARD
14%
Team Arkéa SamsicClément CHAMPOUSSIN
14%
AG2R Citroën TeamDamien TOUZÉ
14%
CofidisEddy FINÉ
14%
TotalEnergiesEmilien JEANNIÈRE
14%
TotalEnergiesFabien DOUBEY
14%
TotalEnergiesFabien GRELLIER
14%
AG2R Citroën TeamJordan LABROSSE
14%
Team Arkéa SamsicMaxime BOUET
14%
AG2R Citroën TeamNicolas PRODHOMME
14%
TotalEnergiesPaul OURSELIN
14%
AG2R Citroën TeamPierre GAUTHERAT
14%
Team Arkéa SamsicSimon GUGLIELMI
14%
TotalEnergiesThomas BONNET
14%
CofidisThomas CHAMPION
14%
AG2R Citroën TeamAntoine RAUGEL
10%
Team Arkéa SamsicKévin LEDANOIS
10%
CofidisAxel MARIAULT
5%
TotalEnergiesMattéo VERCHER
5%
Team Arkéa SamsicNicolas EDET
5%
TotalEnergiesJérémy CABOT
0%
AG2R Citroën TeamKillian VERSCHUREN
0%

Score Distribution

Percentile by Number Answered

Percent of People with Each Score

Your Score History

You have not taken this quiz